| 000 | 00914nas a2200313 4500 | ||
|---|---|---|---|
| 001 | BR0300124 | ||
| 003 | BR-BrBNA | ||
| 005 | 20231205103456.0 | ||
| 007 | ta | ||
| 008 | 230509b bl.|||p| |||| 00| 00por d | ||
| 040 |
_aBR-BrBNA _bpor _cBiblioteca Nacional de Agricultura |
||
| 041 | _a(Pt) | ||
| 072 | _aM12 | ||
| 100 | 1 | _aFrascá-Scorvo, C.M.D. | |
| 100 | 1 | _aCarneiro, D.J. | |
| 100 | 1 | _aMalheiros, E.B. | |
| 245 | 1 | _aComportamento alimentar do matrinxã (Brycon cephalus)no período de temperaturas mais baixas | |
| 650 | _aMATRINXÃ | ||
| 650 | _aHÁBITO ALIMENTAR | ||
| 650 | _aRAÇÃO | ||
| 650 | _aTEMPERATURA | ||
| 650 | _aCONDIÇÃO AMBIENTAL | ||
| 650 | _aTANQUE | ||
| 650 | _aÁGUA | ||
| 650 | _aMÉTODO | ||
| 773 | 0 |
_tBoletim do Instituto de Pesca (Brazil) _xISSN 0046-9939 _g(2001), v. 27(1) p. 1-5 _wBR0300124 |
|
| 909 |
_a202311 _bLúcia _c55 _dLúcia Elande |
||
| 942 |
_2AGRIS _n0 _cANA |
||
| 999 |
_c173072 _d173072 |
||